000 00703nam a2200205Ia 4500
003 GCL
008 140319s9999 xx 000 0 ara d
020 _a1318215977
040 _aGCL /
_cGCL
082 0 4 _a153.69
_bن ل
100 1 _aنبيل راغب
245 1 0 _aلغة التعبير بالجسد فى الفن والتجارة والسياسة /
_cنبيل راغب
260 _aالقاهرة :
_bدار غريب للطباعة والنشر والتوزيع ،
_c1998
300 _a164 ص ؛
_c24 سم
650 0 4 _aالتوافق الحركى
650 0 4 _aالتعبيرية ( علم نفس )
650 0 4 _aلغة الجسد
650 0 4 _aالتعبير بالجسد
942 _2ddc
_cBK
999 _c7887
_d7887